複数の小選挙区をまたぐ市区町村 - Statistics

General Stats
  • This quiz has been taken 69 times
  • The average score is 28 of 33
Answer Stats
都道府県 (市) 市区町村 % Correct
北海道 札幌市 北区
95%
富山県 富山市
95%
長野県 長野市
95%
栃木県 宇都宮市
94%
群馬県 高崎市
94%
香川県 高松市
94%
高知県 高知市
94%
世田谷区
92%
八王子市
92%
三重県 四日市市
92%
姫路市
92%
奈良県 奈良市
92%
大分県 大分市
92%
鹿児島県 鹿児島市
92%
船橋市
90%
東京都 大田区
90%
練馬区
90%
杉並区
90%
足立区
90%
江戸川区
90%
静岡県 浜松市 中央区
90%
板橋区
84%
兵庫県 西宮市
84%
札幌市 西区
82%
埼玉県 川口市
82%
千葉県 市川市
79%
丸亀市
79%
福岡県 福岡市 南区
79%
福岡市 東区
79%
- 富士市
56%
川西市
56%
札幌市 白石区
55%
福岡市 城南区
48%
No matching quizzes found
Score Distribution
Percent of People with Each Score
Percentile by Number Answered
Your Score History
You have not taken this quiz